Jornadas de Agonía

Đã lưu trong:
Chi tiết về thư mục
Tác giả chính: Gálvez, Manuel (Tác giả)
Định dạng: Sách
Ngôn ngữ:Tiếng Tây Ban Nha
Được phát hành: Buenos Aires Losada 1948
Loạt:Biblioteca Contemporánea, 213
Những chủ đề:
Các nhãn: Thêm thẻ
Không có thẻ, Là người đầu tiên thẻ bản ghi này!

MARC

LEADER 00000nam a2200000 a 4500
001 UCX3565
003 CL-VaPUC
008 911114e19480000AG |||||||||||||||||spa|d
082 0 4 |a Ar863  |b GAL  |2 21 
100 |a Gálvez, Manuel  |e author  |9 320687 
245 1 0 |a Jornadas de Agonía 
300 |a 192 p 
942 |c BK 
945 |d 19911114 00:00:00 
260 |a Buenos Aires  |b Losada  |c 1948 
650 0 |a Novelas argentinas  |9 267871 
583 |a last modification  |c 19911114 00:00:00  |k Rodrigo Vera 
490 0 |a Biblioteca Contemporánea, 213 
999 |c 224285  |d 224283 
952 |0 0  |1 0  |4 0  |6 AR_863_000000000000000_GAL_1948  |7 0  |8 A  |9 220819  |a BIBEDU  |b BIBEDU  |d 2019-11-15  |i 2895668  |o Ar863 GAL 1948  |p 2895668  |r 2019-11-15  |w 2019-11-15  |y BK  |k LIT